| 000 | 00901nam a22002537a 4500 | ||
|---|---|---|---|
| 005 | 20170124102953.0 | ||
| 010 | _aA-723585 | ||
| 020 | _c30.00 | ||
| 035 | _aA-723585 | ||
| 037 | _bCen Lib/Ret | ||
| 040 |
_aDPL _bHN |
||
| 082 |
_aउ _bनागार्जु |
||
| 100 |
_aनागार्जुन _952208 |
||
| 245 |
_aपारो / _cनागार्जुन |
||
| 246 |
_aParo / _bby Nagarjun |
||
| 260 |
_aदिल्ली _bयात्री प्रकाशन _c1995 |
||
| 270 |
_aबी-131, सादतपुर _bदिल्ली _e110094 |
||
| 300 |
_a72पृ. _c17सेमी (सजिल्द) |
||
| 650 |
_aहिन्दी साहित्य _952209 |
||
| 650 |
_aहिन्दी उपन्यास _952210 |
||
| 650 |
_aHindi literature _952211 |
||
| 650 |
_aHindi novel _952212 |
||
| 942 |
_2ddc _cHN _hउ _mनागार्जु |
||
| 999 |
_c113431 _d113431 |
||